01889namaa22002531ia4500003000400000005001700004008004100021020002200062040002700084082002300111110005800134245025300192260007200445300000900517505054200526650026001068700006101328700003601389700002301425901002701448942002001475999001701495952012301512OSt20250218102001.0241024s2011 dr adcofdt po|01 0cspa  a978-99934-31-51-0 aCD004bspacCD004erda04aR/RD/027/B582d221 aBiblioteca Nacional Pedro Henríquez Ureña (BNPHU) 0aDirectorio de Bibliotecas Dominicanas: bCon el auspicio del Proyecto de Fortalecimiento de la Biblioteca Nacional y Red de Bibliotecas PúblicascCoodinadores : Yumarys Altagracia Polanco-Almonte ; Célida Álvarez Armenteros ; Dagoberto Ortiz bBiblioteca Nacional Pedro Henríquez Ueeñac2016aSanto Domingo: a450p aTabla De Contenido Palabras Del director.13 - Palabras De La Coordinadora Del Proyecto... 15 -Introducción. 17- Sub-Directorio De Bibliotecas Públicas. 19 - Sub-Directorio De Bibliotecas Escolares. 91 - Sub-Directorio De Bibliotecas Especializadas. 343 - Sub-Directorio De Bibliotecas De Instituciones De Educación Superior. 377- Índice De Bibliotecas Por Orden Alfabética De La "A" A La "Z". 399 - Bibliografía. 441-Glosario. 445 Caracterización De Las Instituciones De Las Que Dependen Las Bibliotecas Dominicanas.449  aBibliotecas Públicas - República Dominicana - Directorio- Bibliotecas Escolares. República Dominicana - Directorio- Bibliotecas Especializadas.- República Dominicana - Directorio- Bibliotecas De Instituciones- República Dominicana - Directorio- aCoodinadores : Yumarys Altagracia Polanco-Almonte d1979 a; Célida Álvarez Armenteros a ; Dagoberto Ortiz a28/2/2017 9:24:33 a.m. 2ddccLIBn0e21 c10034d10034 00102ddc4070aIDEICEbIDEICEd2024-11-21l0o027.4 7293/B582dr2025-01-27 18:27:50t1w2025-01-27yLIBzDirectorio